[Event "Ruhrgebiet-ch Seniors 18th"]
[Site "Essen"]
[Date "2011.04.11"]
[Round "7"]
[White "Blum, Fred"]
[Black "Hansen, Friedhelm"]
[Result "1-0"]
[WhiteElo "1829"]
[BlackElo "1731"]
[PlyCount "85"]
[EventDate "2011.03.28"]
[EventType "swiss"]
[EventRounds "9"]
[EventCountry "GER"]
[SourceTitle "EXT 2012"]
[Source "ChessBase"]
[SourceDate "2011.11.24"]
[SourceVersion "1"]
[SourceVersionDate "2011.11.24"]
[SourceQuality "1"]

1. d4 d5 2. Nf3 Nf6 3. c4 c6 4. e3 e6 5. Bd3 Ne4 6. Nbd2 f5 7. Ne5 Qg5 8. Qf3 Nd7 9. h4 Nxe5 10. dxe5 Qh6 11. Bxe4 fxe4 12. Qf4 g6 13. Qxh6 Bxh6 14. b3 0-0 15. Ba3 Rf7 16. Ke2 Bf8 17. Bxf8 Kxf8 18. f3 exf3+ 19. gxf3 Bd7 20. f4 Ke7 21. Rac1 d4 22. Ne4 b6 23. Nf6 dxe3 24. Rhd1 Be8 25. Rd3 Rd8 26. Rcd1 Rxd3 27. Rxd3 h6 28. Rxe3 Bd7 29. Rg3 Rg7 30. Nh5 Rg8 31. Nf6 Rg7 32. h5 Bc8 33. hxg6 c5 34. Nh5 Rg8 35. g7 Kf7 36. Rg1 Ba6 37. Kf3 Bb7+ 38. Kg4 Be4 39. Rd1 Kg6 40. Rd7 Bc2 41. Kh4 Bb1 42. Rxa7 Bd3 43. Re7 1-0

[Event "Ruhrgebiet-ch Seniors 18th"]
[Site "Essen"]
[Date "2011.04.04"]
[Round "4"]
[White "Hansen, Friedhelm"]
[Black "Achenbach, Manfred"]
[Result "0-1"]
[WhiteElo "1731"]
[BlackElo "2059"]
[PlyCount "68"]
[EventDate "2011.03.28"]
[EventType "swiss"]
[EventRounds "9"]
[EventCountry "GER"]
[SourceTitle "EXT 2012"]
[Source "ChessBase"]
[SourceDate "2011.11.24"]
[SourceVersion "1"]
[SourceVersionDate "2011.11.24"]
[SourceQuality "1"]

1. e4 c5 2. Nc3 Nc6 3. Nf3 e6 4. d3 d5 5. exd5 exd5 6. Bg5 Be7 7. Bxe7 Ngxe7 8. Be2 0-0 9. 0-0 a6 10. Re1 b5 11. a3 Nf5 12. Qd2 Bb7 13. Qf4 Nfd4 14. Nxd4 Nxd4 15. Qd2 Qf6 16. Bf1 Qg6 17. Kh1 Ne6 18. Ne2 Qf6 19. Nc3 Rfe8 20. f3 h6 21. Rab1 Rac8 22. Ne2 h5 23. Ng1 d4 24. Re2 Nf4 25. Rxe8+ Rxe8 26. Re1 Rxe1 27. Qxe1 Nd5 28. Qd2 Ne3 29. Be2 Qg5 30. Bd1 Qe5 31. Nh3 g5 32. Qe1 Bd5 33. Ng1 Ng4 34. Qg3 Qxg3 0-1

[Event "Ruhrgebiet VK1 0405"]
[Site "Ruhrgebiet"]
[Date "2005.01.09"]
[Round "5.8"]
[White "Hansen, Friedhelm"]
[Black "Klink, Thomas"]
[Result "1/2-1/2"]
[WhiteElo "1719"]
[BlackElo "1714"]
[PlyCount "53"]
[EventDate "2004.09.12"]
[EventType "team-tourn"]
[EventRounds "9"]
[EventCountry "GER"]
[SourceTitle "EXT 2006"]
[Source "ChessBase"]
[SourceDate "2005.11.24"]
[SourceVersion "1"]
[SourceVersionDate "2005.11.24"]
[SourceQuality "1"]
[WhiteTeam "Bochum-Linden"]
[BlackTeam "Essen West II"]
[WhiteTeamCountry "GER"]
[BlackTeamCountry "GER"]

1. e4 c5 2. c4 Nc6 3. Nf3 d6 4. Nc3 Nf6 5. d3 g6 6. b3 Bg7 7. Bb2 0-0 8. Nd5 Nxd5 9. Bxg7 Qa5+ 10. Qd2 Qxd2+ 11. Kxd2 Kxg7 12. exd5 Ne5 13. Nxe5 dxe5 14. g3 b6 15. Re1 f6 16. f4 exf4 17. Rxe7+ Rf7 18. Rxf7+ Kxf7 19. gxf4 Bd7 20. Bg2 Re8 21. Re1 Rxe1 22. Kxe1 g5 23. fxg5 fxg5 24. Kf2 Kf6 25. Ke3 Ke5 26. Be4 h5 27. Bh1 1/2-1/2

[Event "Ruhrgebiet VK1 9900"]
[Site "Ruhrgebiet"]
[Date "2000.02.20"]
[Round "6"]
[White "Neumann, Marcus"]
[Black "Hansen, Friedhelm"]
[Result "1-0"]
[WhiteElo "1837"]
[BlackElo "1831"]
[PlyCount "63"]
[EventDate "1999.09.19"]
[EventType "team-tourn"]
[EventRounds "9"]
[EventCountry "GER"]
[SourceTitle "EXT 2024"]
[Source "ChessBase"]
[SourceDate "2023.10.10"]
[SourceVersion "1"]
[SourceVersionDate "2023.10.10"]
[SourceQuality "1"]

1. d4 e6 2. c4 Nf6 3. Nf3 b6 4. g3 Bb7 5. Bg2 c5 6. dxc5 Bxc5 7. Nc3 Ne4 8. Nxe4 Bxe4 9. 0-0 Nc6 10. Bg5 Qc7 11. Bf4 d6 12. a3 a5 13. b4 axb4 14. axb4 Nxb4 15. Rxa8+ Bxa8 16. Qb1 Nc6 17. Ng5 h6 18. Qa1 0-0 19. Ne4 e5 20. Bd2 Na5 21. Qa4 Bc6 22. Qc2 Bxe4 23. Qxe4 Nxc4 24. Bc1 b5 25. Qf5 Qc8 26. Qh5 Qe6 27. Rd1 Qg6 28. Qh4 Qc2 29. Re1 Bb4 30. Be4 Qc3 31. Rd1 Nd2 32. Bxd2 1-0